书目信息 |
| 题名: |
土地管理纵横谈
|
|
| 作者: | 刘文甲 著 | |
| 分册: | ||
| 出版信息: | 北京 中国大地出版社 1999.11 |
|
| 页数: | 383页 | |
| 开本: | 20cm | |
| 丛书名: | ||
| 单 册: | ||
| 中图分类: | F321.1-53 | |
| 科图分类: | ||
| 主题词: | 农业经济--中国 | |
| 电子资源: | ||
| ISBN: | 7-80097-350-6 | |
| 000 | 00556nam0 2200193 45 | |
| 001 | 0440259099 | |
| 005 | 2004061011105835 | |
| 010 | @a7-80097-350-6@dCNY 25.00 | |
| 100 | @a20040610d1999 km y0chiy0120 ea | |
| 101 | 0 | @achi |
| 102 | @aCN@b110000 | |
| 200 | 1 | @a土地管理纵横谈@ATu Di Guan Li Zong Heng Tan@f刘文甲著@FLiu Wen Jia Zhu |
| 210 | @a北京@c中国大地出版社@d1999.11 | |
| 215 | @a383页@d20cm | |
| 606 | 0 | @a农业经济@x中国 |
| 690 | @aF321.1-53@v3 | |
| 701 | 0 | @a刘文甲@ALiu Wen Jia@4著 |
| 801 | 0 | @aCN@bPFT@c20040610 |
| 905 | @a安徽大学@dF321.1-53@eL682 | |
| 土地管理纵横谈/刘文甲著.-北京:中国大地出版社,1999.11 |
| 383页;20cm |
| ISBN 7-80097-350-6:CNY 25.00 |
| ● |
| 相关链接 |
|
|
|
正题名:土地管理纵横谈
索取号:F321.1-53/L682
 
预约/预借
| 序号 | 登录号 | 条形码 | 馆藏地/架位号 | 状态 | 备注 |
| 1 | 379598 | 203795982 | 社科二线422/409社科库 33排2列5层/ [索取号:F321.1-53/L682] | 在馆 | |
| 2 | 379599 | 203795991 | 社科库409/400A自科库 9排3列2层/ [索取号:F321.1-53/L682] | 在馆 | |
| 3 | 379600 | 203796008 | 社科库409/409社科库 33排2列5层/ [索取号:F321.1-53/L682] | 在馆 |